Statistics for Countries That Don't Border- Europe Edition

Click here to take the quiz!

General Stats

  • This quiz has been taken 45 times
    (42 since last reset)
  • The average score is 8 of 10

Answer Stats

QuestionAnswer% Correct
SwedenDenmark
92%
GermanyItaly
89%
FranceUnited Kingdom
87%
HungaryBosnia and Herzegovina
84%
ItalyCroatia
84%
UkraineBulgaria
82%
LatviaPoland
76%
SlovakiaSlovenia
76%
North MacedoniaMontenegro
66%
SerbiaAlbania
58%

Score Distribution

Percentile by Number Answered

Percent of People with Each Score

Your Score History

You have not taken this quiz since the last reset